000 00475nam a22001457a 4500
005 20260318104707.0
008 260318b |||||||| |||| 00| 0 eng d
020 _a9780135623657
050 _aHD31
_b.M3973
100 _aMerchant, Kenneth A.
245 _aInstructor's Manual Modern Management Control Systems:
_btext and cases
_cKenneth A. Merchant
260 _aUpper Saddle River, New Jersey
_bPrentice Hall
_c1998
300 _aviii. 433p.
_bill.
_c28cm
942 _2lcc
_cBK
_n0
999 _c9097
_d9097